Paroles - Je t'aime mélancolie - Statistiques

Statistiques générales
  • Ce quiz a été pris 14 fois
  • Le résultat moyen est 259 sur 330
Statistiques - réponses
% Correct
à
100%
au
100%
de
100%
en
100%
En
100%
Je
100%
je
100%
La
100%
100%
la
100%
le
100%
ma
100%
m'a
100%
me
100%
mélancolie
100%
mon
100%
pour
100%
qui
100%
t'aime
100%
tout
100%
Un
100%
une
100%
c'est
90%
C'est
90%
comme
90%
Comme
90%
du
90%
envie
90%
est
90%
Et
90%
et
90%
J'ai
90%
lit
90%
mes
90%
ne
90%
nuit
90%
que
90%
vie
90%
amie
80%
ça
80%
car
80%
gris
80%
jamais
80%
mais
80%
Mais
80%
moi
80%
Quand
80%
qu'elle
80%
Sa
80%
si
80%
voir
80%
aussi
70%
aux
70%
bien
70%
bouche
70%
coup
70%
dit
70%
douce
70%
elle
70%
être
70%
fait
70%
fixe
70%
idée
70%
il
70%
qu'il
70%
t'en
70%
ton
70%
chavire
60%
désir
60%
dis
60%
fois
60%
l'air
60%
l'infini
60%
mène
60%
meurt
60%
peine
60%
poursuit
60%
prie
60%
Sentiment
60%
souffre
60%
triste
60%
veine
60%
viens
60%
acide
50%
alors
50%
chaque
50%
Chaque
50%
d'éternité
50%
Dieu
50%
herbe
50%
J'attends
50%
l'âme
50%
l'élixir
50%
l'idée
50%
l'on
50%
long
50%
mauvais
50%
mauvaise
50%
Mélange
50%
nique
50%
Oh
50%
pire
50%
pouvoir
50%
savoure
50%
souvent
50%
suicide
50%
trop
50%
vient
50%
délires
40%
d'être
40%
estimée
40%
faut
40%
humide
40%
m'apitoyer
40%
née
40%
plantée
40%
pousse
40%
qu'une
40%
sauvage
40%
somme
40%
vaut
40%
vite
40%
Après
30%
ignorée
30%
jaloux
30%
moralité
30%
plaie
30%
plaire
30%
toc
30%
cultivées
10%
Aucun quiz correspondant
Distribution des résultats
% des personnes avec chaque résultat
Percentile par nombre de réponses
Votre historique - résultats
Vous n’avez pas pris ce quiz